<?xml version="1.0" encoding="UTF-8"?>
<record
    xmlns:xsi="http://www.w3.org/2001/XMLSchema-instance"
    xsi:schemaLocation="http://www.loc.gov/MARC21/slim http://www.loc.gov/standards/marcxml/schema/MARC21slim.xsd"
    xmlns="http://www.loc.gov/MARC21/slim">

  <leader>01001nam a2200289 i 4500</leader>
  <controlfield tag="001">000000251916</controlfield>
  <controlfield tag="003">IT-MiSPE</controlfield>
  <controlfield tag="005">20200828153119.0</controlfield>
  <controlfield tag="008">030926s1975    xx            000 b ger c</controlfield>
  <datafield tag="020" ind1=" " ind2=" ">
    <subfield code="a">9788826301846</subfield>
    <subfield code="c">17.50 EUR</subfield>
  </datafield>
  <datafield tag="040" ind1=" " ind2=" ">
    <subfield code="a">IT-MiSPE</subfield>
    <subfield code="b">ita</subfield>
    <subfield code="c">IT-MiSPE</subfield>
  </datafield>
  <datafield tag="041" ind1=" " ind2=" ">
    <subfield code="a">ita</subfield>
  </datafield>
  <datafield tag="082" ind1=" " ind2=" ">
    <subfield code="a">301.9-SCH he st (axa 23252)</subfield>
  </datafield>
  <datafield tag="100" ind1="1" ind2=" ">
    <subfield code="a">Schoeck, Helmut.</subfield>
    <subfield code="d">1922-1993</subfield>
    <subfield code="e">sociologo</subfield>
    <subfield code="9">58358</subfield>
  </datafield>
  <datafield tag="240" ind1=" " ind2=" ">
    <subfield code="a">Geschichte der Soziologie / Ursprung und Aufstieg der Wissenschaft von der menschlichen Gesellschaft </subfield>
    <subfield code="l">ger</subfield>
  </datafield>
  <datafield tag="245" ind1="1" ind2="0">
    <subfield code="a">Storia della sociologia :</subfield>
    <subfield code="c">Helmut Schoeck.</subfield>
  </datafield>
  <datafield tag="260" ind1=" " ind2=" ">
    <subfield code="a">Roma ;</subfield>
    <subfield code="b">Borla,</subfield>
    <subfield code="c">[1980]</subfield>
  </datafield>
  <datafield tag="300" ind1=" " ind2=" ">
    <subfield code="a">378 p. ;</subfield>
    <subfield code="c">21 cm</subfield>
  </datafield>
  <datafield tag="490" ind1="1" ind2=" ">
    <subfield code="a">Guide storiche ;</subfield>
  </datafield>
  <datafield tag="546" ind1=" " ind2=" ">
    <subfield code="a">Edizione italiana a cura di Adriana Signorelli</subfield>
  </datafield>
  <datafield tag="655" ind1="0" ind2="7">
    <subfield code="a">Economia. Storia economico-sociale</subfield>
    <subfield code="x">Saggi, varia.</subfield>
    <subfield code="2">local</subfield>
    <subfield code="9">58359</subfield>
  </datafield>
  <datafield tag="942" ind1=" " ind2=" ">
    <subfield code="2">ddc</subfield>
    <subfield code="c">BK</subfield>
  </datafield>
  <datafield tag="983" ind1=" " ind2="0">
    <subfield code="a">Herder-B&#xFC;cherei.</subfield>
  </datafield>
  <datafield tag="990" ind1="1" ind2="0">
    <subfield code="a">98301a</subfield>
    <subfield code="b">83001av</subfield>
  </datafield>
  <datafield tag="999" ind1=" " ind2=" ">
    <subfield code="c">358833</subfield>
    <subfield code="d">358833</subfield>
  </datafield>
  <datafield tag="952" ind1=" " ind2=" ">
    <subfield code="0">0</subfield>
    <subfield code="1">0</subfield>
    <subfield code="2">ddc</subfield>
    <subfield code="4">0</subfield>
    <subfield code="6">301_000000000000000_9SCH_HE_ST_AXA_23252</subfield>
    <subfield code="7">1</subfield>
    <subfield code="a">CINISELLO</subfield>
    <subfield code="b">CINISELLO</subfield>
    <subfield code="d">2020-08-28</subfield>
    <subfield code="l">0</subfield>
    <subfield code="o">301.9-SCH he st (axa 23252)</subfield>
    <subfield code="p">9788826301846</subfield>
    <subfield code="r">2020-08-28 00:00:00</subfield>
    <subfield code="w">2020-08-28</subfield>
    <subfield code="y">BK</subfield>
  </datafield>
</record>
